000 00912cam a22002531i 4500
003 SA-RiAUC
005 20260210140935.0
008 260209s2013____ua g 000 0 ara c
020 _z9789773114389
040 _aSA-JeALM
_bara
_cSA-RiAUC
_erda
082 0 4 _a258.2
_qSA-RiAUC
090 _a258.2
_bك ا ف
100 1 _aكافي، أحمد،
_d1967-
_eمؤلف.
245 1 0 _aفتاوى شرعية في المسائل المالكية /
_cأحمد كافي.
250 _aالطبعة الأولى.
264 1 _aالمنصورة، مصر :
_bدار الكلمة للنشر والتوزيع،
_c2013
300 _a308 صفحة ؛
_c24 سم.
336 _aنص
_btxt
_2rdacontent
_3كتاب
337 _aبدون وسيط
_bn
_2rdamedia
650 7 _aالفقه المالكي
_2aucsh
650 7 _aالأحكام الشرعية
_2aucsh
942 _2ddc
_cBOOK
_n0
949 _aSA-JeALM
_d260209
_uosman123
_n1
999 _c14290
_d14290